000 00276nam a22000977a 4500
999 _c11600
_d11600
008 190805b ||||| |||| 00| 0 eng d
020 _a9788190689533
100 _aSharma Ganga Prasad
_97309
245 _aShresth Rochak kahaniya
260 _aNew Delhi
_bBanyan Tree Publishers
_c2011